Every City With Either a MLB, AAA, AA, High-A or Single-A Team - Statistics

General Stats
  • This quiz has been taken 24 times
  • The average score is 95 of 150
Answer Stats
MLB Team Level State/Province Team Name City % Correct
Atlanta Braves AA Georgia Clingstones Columbus
96%
Cleveland Guardians AAA Ohio Clippers Columbus
96%
Kansas City Royals AAA Nebraska Storm Chasers Omaha
96%
Arizona Diamondbacks MLB Arizona Diamondbacks Phoenix
96%
Arizona Diamondbacks AAA Nevada Aces Reno
96%
Los Angeles Angels AAA Utah Bees Salt Lake City
96%
Los Angeles Dodgers AA Oklahoma Drillers Tulsa
96%
Washington Nationals MLB District of Columbia Nationals Washington D.C.
96%
Cleveland Guardians AA Ohio RubberDucks Akron
91%
Atlanta Braves MLB Georgia Braves Atlanta
91%
Toronto Blue Jays AAA New York Bisons Buffalo
91%
Athletics AAA Nevada Aviators Las Vegas
91%
Miami Marlins MLB Florida Marlins Miami
91%
Milwaukee Brewers AAA Tennessee Sounds Nashville
91%
Boston Red Sox AA Maine Sea Dogs Portland
91%
San Francisco Giants AA Virginia Flying Squirrels Richmond
91%
Washington Nationals AAA New York Red Wings Rochester
91%
New York Yankees Single-A Florida Tarpons Tampa
91%
Boston Red Sox MLB Massachusetts Red Sox Boston
87%
Chicago White Sox MLB Illinois White Sox Chicago
87%
Chicago Cubs MLB Illinois Cubs Chicago
87%
Cincinnati Reds MLB Ohio Reds Cincinnati
87%
Cleveland Guardians MLB Ohio Guardians Cleveland
87%
Detroit Tigers MLB Michigan Tigers Detroit
87%
San Francisco Giants High-A Oregon Emeralds Eugene
87%
Houston Astros MLB Texas Astros Houston
87%
Pittsburgh Pirates AAA Indiana Indians Indianapolis
87%
Miami Marlins AAA Florida Jumbo Shrimp Jacksonville
87%
Kansas City Royals MLB Missouri Royals Kansas City
87%
Seattle Mariners AA Arkansas Travelers Little Rock
87%
Los Angeles Dodgers MLB California Dodgers Los Angeles
87%
St. Louis Cardinals AAA Tennessee Redbirds Memphis
87%
Milwaukee Brewers MLB Wisconsin Brewers Milwaukee
87%
Minnesota Twins MLB Minnesota Twins Minneapolis
87%
New York Yankees MLB New York Yankees New York City
87%
New York Mets MLB New York Mets New York City
87%
Los Angeles Dodgers AAA Oklahoma Comets Oklahoma City
87%
Athletics MLB California Athletics Sacramento
87%
San Francisco Giants AAA California River Cats Sacramento
87%
San Diego Padres MLB California Padres San Diego
87%
San Francisco Giants MLB California Giants San Francisco
87%
Seattle Mariners MLB Washington Mariners Seattle
87%
St. Louis Cardinals MLB Missouri Cardinals St. Louis
87%
Minnesota Twins AAA Minnesota Saints St. Paul
87%
Detroit Tigers AAA Ohio Mud Hens Toledo
87%
Colorado Rockies AAA New Mexico Isotopes Albuquerque
83%
Los Angeles Angels MLB California Angels Anaheim
83%
Texas Rangers MLB Texas Rangers Arlington
83%
Baltimore Orioles MLB Maryland Orioles Baltimore
83%
Chicago White Sox AA Alabama Barons Birmingham
83%
Colorado Rockies MLB Colorado Rockies Denver
83%
Chicago Cubs AAA Iowa Cubs Des Moines
83%
Tampa Bay Rays AAA North Carolina Bulls Durham
83%
Colorado Rockies Single-A California Grizzlies Fresno
83%
Colorado Rockies AA Connecticut Yard Goats Hartford
83%
Philadelphia Phillies MLB Pennsylvania Phillies Philadelphia
83%
Pittsburgh Pirates MLB Pennsylvania Pirates Pittsburgh
83%
New York Yankees AAA Pennsylvania RailRiders Scranton
83%
Tampa Bay Rays Single-A South Carolina River Dogs Charleston
78%
Chicago White Sox AAA North Carolina Knights Charlotte
78%
Kansas City Royals Single-A South Carolina Fireflies Columbia
78%
San Diego Padres AAA Texas Chihuahuas El Paso
78%
Washington Nationals AA Pennsylvania Senators Harrisburg
78%
Cincinnati Reds AAA Kentucky Bats Louisville
78%
San Francisco Giants Single-A California Giants San Jose
78%
Colorado Rockies High-A Washington Indians Spokane
78%
New York Mets AAA New York Mets Syracuse
78%
Minnesota Twins AA Kansas Wind Surge Wichita
78%
Cincinnati Reds AA Tennessee Lookouts Chattanooga
74%
Cincinnati Reds High-A Ohio Dragons Dayton
74%
Detroit Tigers AA Pennsylvania SeaWolves Erie
74%
San Diego Padres High-A Indiana Tin Caps Fort Wayne
74%
Athletics High-A Michigan Lugnuts Lansing
74%
Tampa Bay Rays AA Alabama Biscuits Montgomery
74%
Baltimore Orioles AAA Virginia Tides Norfolk
74%
San Diego Padres AA Texas Missions San Antonio
74%
Seattle Mariners AAA Washington Rainiers Tacoma
74%
Toronto Blue Jays MLB Ontario Blue Jays Toronto
74%
Chicago White Sox High-A North Carolina Dash Winston-Salem
74%
Boston Red Sox AAA Massachusetts Red Sox Worcester
74%
Pittsburgh Pirates High-A North Carolina Grasshopers Greensboro
70%
Los Angeles Angels AA Alabama Trash Pandas Madison
70%
Houston Astros High-A North Carolina Tourists Asheville
65%
Milwaukee Brewers AA Mississippi Shuckers Biloxi
65%
St. Louis Cardinals AA Missouri Cardinals Springfield
65%
Tampa Bay Rays MLB Florida Rays St. Petersburg
65%
Toronto Blue Jays High-A British Columbia Canadians Vancouver
65%
Arizona Diamondbacks AA Texas Sod Poodles Amarillo
61%
Atlanta Braves Single-A Georgia GreenJackets Augusta
61%
Houston Astros AA Texas Hooks Corpus Christi
61%
Houston Astros Single-A North Carolina Woodpeckers Fayetteville
61%
Athletics AA Texas RockHounds Midland
61%
Los Angeles Dodgers High-A Michigan Loons Midland
61%
Boston Red Sox Single-A Virginia Red Sox Salem
61%
Washington Nationals High-A Delaware Blue Rocks Wilmington
61%
Pittsburgh Pirates AA Pennsylvania Curve Altoona
57%
Minnesota Twins High-A Iowa Kernels Cedar Rapids
57%
Minnesota Twins Single-A Florida Mighty Mussels Fort Myers
57%
Detroit Tigers High-A Michigan Whitecaps Grand Rapids
57%
Chicago Cubs AA Tennessee Smokies Knoxville
57%
Philadelphia Phillies AA Pennsylvania Fightin Phils Reading
57%
Toronto Blue Jays AA New Hampshire Fisher Cats Manchester
52%
Chicago Cubs Single-A South Carolina Pelicans Myrtle Beach
52%
St. Louis Cardinals High-A Illinois Chiefs Peoria
52%
Texas Rangers High-A South Carolina Spartanburgers Spartanburg
52%
Philadelphia Phillies AAA Pennsylvania IronPigs Allentown
48%
New York Mets AA New York Rumble Ponies Binghamton
48%
Boston Red Sox High-A South Carolina Drive Greenville
48%
Baltimore Orioles AA Maryland Baysox Bowie
43%
Texas Rangers AA Texas RoughRiders Frisco
43%
Atlanta Braves AAA Georgia Stripers Gwinnett
43%
Miami Marlins AA Florida Blue Wahoos Pensacola
43%
New York Mets Single-A Florida Mets Port St. Lucie
43%
Texas Rangers AAA Texas Express Round Rock
43%
Los Angeles Angels Single-A California 66ers San Bernardino
43%
Athletics Single-A California Ports Stockton
43%
Houston Astros AAA Texas Space Cowboys Sugar Land
43%
Philadelphia Phillies Single-A Florida Threshers Clearwater
39%
Kansas City Royals High-A Iowa River Bandits Davenport
39%
Detroit Tigers Single-A Florida Flying Tigers Lakeland
39%
Cincinnati Reds Single-A Florida Tortugas Daytona
35%
Seattle Mariners Single-A California Nuts Modesto
35%
Chicago Cubs High-A Indiana Cubs South Bend
35%
Tampa Bay Rays High-A Kentucky Hot Rods Bowling Green
30%
New York Mets High-A New York Cyclones Brooklyn
30%
Toronto Blue Jays Single-A Florida Blue Jays Dunedin
30%
Seattle Mariners High-A Washington AquaSox Everett
30%
Miami Marlins Single-A Florida Hammerheads Jupiter
30%
New York Yankees AA New Jersey Patriots Somerset
30%
Arizona Diamondbacks Single-A California Rawhide Visalia
30%
Milwaukee Brewers High-A Wisconsin Timber Rattlers Appleton
26%
Arizona Diamondbacks High-A Oregon Hops Hillsboro
26%
Miami Marlins High-A Wisconsin Sky Carp Beloit
22%
Washington Nationals Single-A Virginia Nationals Fredericksburg
22%
Cleveland Guardians High-A Ohio Captains Lake County
22%
Cleveland Guardians Single-A Virginia Hillcats Lynchburg
22%
New York Yankees High-A New York Renegades Poughkeepsie
22%
Los Angeles Dodgers Single-A California Quakes Rancho Cucamonga
22%
Baltimore Orioles High-A Maryland IronBirds Aberdeen
13%
Texas Rangers Single-A North Carolina Crawdads Hickory
13%
Chicago White Sox Single-A North Carolina Cannon Ballers Kannapolis
13%
St. Louis Cardinals Single-A Florida Cardinals Palm Beach
13%
Baltimore Orioles Single-A Maryland Shorebirds Salisbury
13%
San Diego Padres Single-A California Storm Lake Elsinore
9%
Atlanta Braves High-A Georgia Emperors Rome
9%
Kansas City Royals AA Arkansas Naturals Springdale
9%
Pittsburgh Pirates Single-A Florida Marauders Bradenton
4%
Philadelphia Phillies High-A New Jersey BlueClaws Lakewood
4%
Los Angeles Angels High-A Washington Dust Devils Pasco
4%
Milwaukee Brewers Single-A North Carolina Mudcats Zebulon
0%
No matching quizzes found
Score Distribution
Percent of People with Each Score
Percentile by Number Answered
Your Score History
You have not taken this quiz